Reconocimiento a 100 dominicanos presentes destacados en el exterior (Record no. 7680)
[ view plain ]
| 000 -LEADER | |
|---|---|
| campo de control de longitud fija | 00451nam a2200133Ia 4500 |
| 001 - NÚMERO DE CONTROL | |
| campo de control | 2346 |
| 008 - DATOS DE LONGITUD FIJA--INFORMACIÓN GENERAL | |
| campo de control de longitud fija | 241024s9999 xx 000 0 und d |
| 082 ## - NÚMERO DE LA CLASIFICACIÓN DECIMAL DEWEY | |
| Número de clasificación | RD/920.07293/C755r |
| 100 ## - ENTRADA PRINCIPAL--NOMBRE DE PERSONA | |
| Nombre de persona | República Dominicana. Consejo Nacional para las comunidades dominicanas en el exterior CONDEX |
| 245 #0 - MENCIÓN DEL TÍTULO | |
| Título | Reconocimiento a 100 dominicanos presentes destacados en el exterior |
| 260 ## - PUBLICACIÓN, DISTRIBUCIÓN, ETC. | |
| Nombre del editor, distribuidor, etc. | Mistli gráfica |
| Fecha de publicación, distribución, etc. | 2012 |
| 901 ## - ELEMENTOS DE DATOS A LOCAL LDA (RLIN) | |
| a | 10/8/2012 3:34:29 p.m. |
No items available.